Plane surveying (Record no. 4783)
[ view plain ]
| 000 -LEADER | |
|---|---|
| fixed length control field | 00379nam a2200157Ia 4500 |
| 008 - FIXED-LENGTH DATA ELEMENTS--GENERAL INFORMATION | |
| fixed length control field | 230711s9999||||xx |||||||||||||| ||und|| |
| 041 ## - LANGUAGE CODE | |
| Language code of text/sound track or separate title | ENG |
| 082 ## - DEWEY DECIMAL CLASSIFICATION NUMBER | |
| Classification number | 526.9 |
| Item number | CH-P |
| 100 ## - MAIN ENTRY--PERSONAL NAME | |
| Personal name | Chandra A M |
| 245 #0 - TITLE STATEMENT | |
| Title | Plane surveying |
| 250 ## - EDITION STATEMENT | |
| Edition statement | 2nd . Ed. |
| 260 ## - PUBLICATION, DISTRIBUTION, ETC. | |
| Date of publication, distribution, etc. | 2006 |
| Place of publication, distribution, etc. | New Delhi |
| Name of publisher, distributor, etc. | New Age International Publishers |
| 300 ## - PHYSICAL DESCRIPTION | |
| Extent | 590 |
| 650 ## - SUBJECT ADDED ENTRY--TOPICAL TERM | |
| Topical term or geographic name entry element | Civil Engineering |
| 942 ## - ADDED ENTRY ELEMENTS (KOHA) | |
| Koha item type | Book |
| Withdrawn status | Lost status | Damaged status | Not for loan | Collection | Home library | Current library | Date acquired | Total checkouts | Full call number | Barcode | Date last seen | Price effective from | Koha item type | Date last checked out | Date due |
|---|---|---|---|---|---|---|---|---|---|---|---|---|---|---|---|
| MRSPTU Central Library | MRSPTU Central Library | 526.9 CH-P | 16640 | 08/17/2023 | 08/17/2023 | Book | |||||||||
| MRSPTU Central Library | MRSPTU Central Library | 1 | 526.9 CH-P | 16641 | 11/26/2025 | 08/17/2023 | Book | 10/29/2025 | |||||||
| MRSPTU Central Library | MRSPTU Central Library | 526.9 CH-P | 16642 | 08/17/2023 | 08/17/2023 | Book | |||||||||
| MRSPTU Central Library | MRSPTU Central Library | 1 | 526.9 CH-P | 16643 | 09/26/2023 | 08/17/2023 | Book | 09/26/2023 | 09/26/2023 | ||||||
| MRSPTU Central Library | MRSPTU Central Library | 1 | 526.9 CH-P | 16644 | 01/02/2025 | 08/17/2023 | Book | 12/20/2024 | |||||||
| MRSPTU Central Library | MRSPTU Central Library | 526.9 CH-P | 16645 | 08/17/2023 | 08/17/2023 | Book | |||||||||
| MRSPTU Central Library | MRSPTU Central Library | 526.9 CH-P | 16646 | 08/17/2023 | 08/17/2023 | Book | |||||||||
| MRSPTU Central Library | MRSPTU Central Library | 1 | 526.9 CH-P | 16647 | 01/01/2025 | 08/17/2023 | Book | 11/29/2024 | |||||||
| MRSPTU Central Library | MRSPTU Central Library | 526.9 CH-P | 16648 | 08/17/2023 | 08/17/2023 | Book | |||||||||
| MRSPTU Central Library | MRSPTU Central Library | 526.9 CH-P | 16649 | 08/17/2023 | 08/17/2023 | Book |
